Catálogo

Cómo dirigir al personal / (Registro nro. 65212)

Detalles MARC
000 -LEADER
fixed length control field 01184cam a2200313 i 4500
001 - CONTROL NUMBER
control field 65212
003 - CONTROL NUMBER IDENTIFIER
control field Mx-PuUPA
005 - DATE AND TIME OF LATEST TRANSACTION
control field 20240410104234.0
008 - FIXED-LENGTH DATA ELEMENTS--GENERAL INFORMATION
fixed length control field 040415s2000 sp a gr 001 0 spa d
020 ## - INTERNATIONAL STANDARD BOOK NUMBER
International Standard Book Number 8425334616
040 ## - CATALOGING SOURCE
Original cataloging agency Mx-PuUPA
Modifying agency Mx-PuUPA
Transcribing agency Mx-PuUPA
Language of cataloging spa
Description conventions rda
041 1# - LANGUAGE CODE
Language code of text/sound track or separate title spa
Language code of original eng
100 1# - MAIN ENTRY--PERSONAL NAME
Personal name Heller, Robert,
Relator term autor
Dates associated with a name 1932-2012
9 (RLIN) 11262
240 10 - UNIFORM TITLE
Uniform title Essential managers : managing people.
Language of a work Español
245 10 - TITLE STATEMENT
Title Cómo dirigir al personal /
Statement of responsibility, etc. Robert Heller ; traducción de, Xebi Solé
264 #1 - PRODUCTION, PUBLICATION, DISTRIBUTION, MANUFACTURE, AND COPYRIGHT NOTICE
Place of production, publication, distribution, manufacture Barcelona :
Name of producer, publisher, distributor, manufacturer Grijalbo Mondadori,
Date of production, publication, distribution, manufacture, or copyright notice ©2000
300 ## - PHYSICAL DESCRIPTION
Extent 72 páginas :
Other physical details ilustraciones ;
Dimensions 18 cm
336 ## - CONTENT TYPE
Fuente rdacontent
Content type term texto
Content type code txt
337 ## - MEDIA TYPE
Source rdamedia
Media type term sin medio
Media type code n
338 ## - CARRIER TYPE
Source rdacarrier
Carrier type term volumen
Carrier type code nc
490 0# - SERIES STATEMENT
Series statement Biblioteca esencial del ejecutivo
650 #4 - SUBJECT ADDED ENTRY--TOPICAL TERM
Topical term or geographic name entry element Administración de personal
700 1# - ADDED ENTRY--PERSONAL NAME
Personal name Solé, Xebi,
Relator term traductor
765 08 - ORIGINAL LANGUAGE ENTRY
Main entry heading Heller, Robert, 1932-2012.
Place, publisher, and date of publication Londres : Dorling Kindersley Limited, ©1999.
Title Essential managers : managing people.
942 ## - ADDED ENTRY ELEMENTS (KOHA)
Source of classification or shelving scheme Dewey Decimal Classification
Classification part 658.3
Item part H474
Koha item type Libro
Existencias
Withdrawn status Lost status Source of classification or shelving scheme Damaged status Not for loan Collection code Home library Current library Shelving location Date acquired Source of acquisition Full call number Barcode Date last seen Price effective from Koha item type
    Dewey Decimal Classification     General Biblioteca Karol Wojtyla Biblioteca Karol Wojtyla Sala general 03/12/2013 Donación 658.3 H474 2000 60881 24/02/2022 03/12/2013 Libro